00776nam a2200169 u 450000100100000000500170001000800410002704000250006808200150009310000390010824501070014726000620025430000210031659000670033795201850040499900170058900003614620200930074922.0111220s1957 dr r 000 0 spa d aDO-SdBNPbspacBNPHU axxxxbxxxx1 aLeuchsenring, Emilio Roig de9435813aEl manifiesto de Montecristi :bsus raices, finalidades y proyecciones /cEmilio Roig de Leuchsenring. aLa Habana :bOficina del Historiador de la Ciudad,c1957. a153 p. ;c23 cm. aPerteneció a la biblioteca personal de Juan Isidro Grullón 001050718RVaGRbGRcCTd2011-12-20iLF1l0oxxxx xxxxp36146-10r2020-06-25w2020-06-25y1zPerteneció a la biblioteca personal de Juan Isidro Jimenes GrullónZNo se presta c35637d35637